000 00357nam a2200157Ia 4500
100 _aGrob/ bernard
650 _aElectrical Engineering
942 _cBK
654 _aTelevision
245 _aBasic Television Principles & Servicing
260 _bMcGraw Hill
_aTokyo
_c1973
082 _a621.3
_bGro
300 _a732
546 _aENGLISH
999 _c25061
_d25061